Local leagues. (Record no. 60371)

MARC details
000 -LEADER
fixed length control field 00797cam a2200217 4500
001 - CONTROL NUMBER
control field ABS60723
008 - FIXED-LENGTH DATA ELEMENTS--GENERAL INFORMATION
fixed length control field 000000n1999 000 0 eng u
035 ## - SYSTEM CONTROL NUMBER
System control number (Sirsi) u101210
110 ## - MAIN ENTRY--CORPORATE NAME
Corporate name or jurisdiction name as entry element Glenigan Group
9 (RLIN) 3641
245 ## - TITLE STATEMENT
Title Local leagues.
260 ## - PUBLICATION, DISTRIBUTION, ETC.
Date of publication, distribution, etc. 1999
490 ## - SERIES STATEMENT
Series statement Building
Volume/sequential designation 264(8091) 11 June 1999, 52-53(2)
520 ## - SUMMARY, ETC.
Summary, etc. A regional breakdown of work won by top contractors in the first quarter of 1999: indicates that workload is rising in the east Midlands, north-west and south-east, but falling in the north-east, Yorkshire, Scotland, Wales, the south-west and London.
650 ## - SUBJECT ADDED ENTRY--TOPICAL TERM
Topical term or geographic name entry element WORKLOAD
650 ## - SUBJECT ADDED ENTRY--TOPICAL TERM
Topical term or geographic name entry element CONTRACTORS
650 ## - SUBJECT ADDED ENTRY--TOPICAL TERM
Topical term or geographic name entry element CONSTRUCTION INDUSTRY
650 ## - SUBJECT ADDED ENTRY--TOPICAL TERM
Topical term or geographic name entry element REGIONAL VARIATIONS
650 ## - SUBJECT ADDED ENTRY--TOPICAL TERM
Topical term or geographic name entry element SURVEYS
690 ## - LOCAL SUBJECT ADDED ENTRY--TOPICAL TERM (OCLC, RLIN)
Topical term or geographic name as entry element BUILDING AND CONSTRUCTION-ECONOMICS
942 ## - ADDED ENTRY ELEMENTS (KOHA)
Suppress in OPAC 0
Holdings
Withdrawn status Lost status Source of classification or shelving scheme Damaged status Not for loan Home library Current library Shelving location Date acquired Total Checkouts Full call number Barcode Date last seen Copy number Price effective from Koha item type
    Dewey Decimal Classification     London London Journal article 02/11/1999   ABS60723 101210-1001 06/08/2019 1 06/08/2019 Journal article